| 000 | 00627nam a22001937a 4500 | ||
|---|---|---|---|
| 005 | 20251108172039.0 | ||
| 008 | 250721s1988 xx 000 0 ara d | ||
| 082 | 1 | 4 | _a217.424/وهب |
| 100 | 1 | _aغاوجي، وهبي سليمان | |
| 245 | 1 | 0 | _aالزكاة و أحكامها وفق مذهب الإمام أبي حنيفة النعمان / |
| 250 | _aط3 . ، منقحة | ||
| 264 | 1 |
_aبيروت : _bمؤسسة الرسالة، _c1988. |
|
| 300 | _a155ص | ||
| 490 | 0 | _aأركان الإسلام ؛ 3 | |
| 650 | 1 | 7 | _aالمذاهب الإسلامية |
| 650 | 1 | 7 | _aالزكاه |
| 942 |
_2ddc _cBK |
||
| 999 |
_c69068 _d69068 |
||